000 00474nmm a2200157Ia 4500
008 251105s9999||||xx |||||||||||||||||und||
020 _a9580611076
041 _aspa
100 _aEscobar Riaño, Carmen Dora
245 0 _aLa integración financiera en la comunidad andina
264 _a[Bogotá, Colombia] :
_bOveja Negra,
_c2007
300 _a364 páginas
650 _aEconomics and Business
856 _uhttps://public.digitaliapublishing.com/a/29516
942 _cCF
999 _c74411
_d74411